| 000 | 00482nam a2200181Ia 4500 | ||
|---|---|---|---|
| 003 | GCL | ||
| 008 | 140319s9999 xx 000 0 ara d | ||
| 040 |
_aGCL / _cGCL |
||
| 082 | 0 | 4 |
_aط _b813.01 _bع ح |
| 100 | 1 | _aعمر الصاوى | |
| 245 | 1 | 0 |
_aحكاية الشجرة / _cعمر الصاوى |
| 300 | _a14 ص | ||
| 490 |
_aاجمل القصص _v0 |
||
| 650 | 0 | 4 | _aالقصص العربية |
| 650 | 0 | 4 | _aالاطفال |
| 650 | 0 | 4 | _aقصص الاطفال |
| 942 |
_2ddc _cBK |
||
| 999 |
_c51277 _d51277 |
||